000 00694nam a22002537a 4500
001 BR9406481
003 BR-BrBNA
005 20230928094344.0
007 ta
008 230509b bl.||||| |||| 00| 0 por d
040 _aBR-BrBNA
_bpor
_cBiblioteca Nacional de Agricultura
041 _a(Por)
072 _aE50
_b2790
090 _ 2790 BR9406481
100 1 _aPorto, Y.
100 1 _aSoares, O.
110 1 _aEmpresa de Assistencia Tecnica e Extensao Rural do Estado de Pernambuco, Recife (Brasil)
245 1 _aPlantas medicinais
260 3 _aRecife, PE (Brasil):
_c1991.
300 _a24 p.
650 _aPlanta Medicinal
909 _a202309
_bLucia
_c55
_dLucia Elande
942 _cBK
999 _c50256
_d50256